Dragon Ball Z - Budokai Tenkaichi 3: Playable Characters - Statistics

General Stats
  • This quiz has been taken 648 times
  • The average score is 77 of 98
Answer Stats
Type Character % Correct
Z Fighter Goku (Early)
100%
Z Fighter Goku (End)
100%
Z Fighter Goku (GT)
100%
Z Fighter Goku (Mid)
100%
Z Fighter Kid Goku
100%
Babidi's Forces Majin Vegeta
99%
Z Fighter Vegeta
99%
Z Fighter Vegeta (2nd Form)
99%
Z Fighter Vegeta (Scouter)
99%
Z Fighter Future Gohan
97%
Z Fighter Gohan
97%
Z Fighter Goten
97%
Human Grandpa Gohan
97%
Z Fighter Kid Gohan
97%
Z Fighter Teen Gohan
97%
Z Fighter Ultimate Gohan
97%
Android Android #17
96%
Z Fighter Android #18
96%
Frieza Force Frieza
95%
Fusion Gogeta
95%
Z Fighter Kid Trunks
95%
Namekian King Piccolo
95%
Frieza Force Mecha-Frieza
95%
Z Fighter Piccolo (Early)
95%
Z Fighter Piccolo (End)
95%
Android Super 17
95%
Z Fighter Trunks
95%
Z Fighter Trunks (Sword)
95%
Z Fighter Yamcha
94%
Android Android #19
93%
Android Dr. Gero
93%
Android Android #16
92%
Ginyu Force Captain Ginyu
92%
Fusion Gotenks
92%
Babidi's Forces Majin Buu
92%
Z Fighter Tien
92%
Fusion Vegito
91%
Android Android #13
90%
Babidi's Forces Kid Buu
90%
Z Fighter Krillin
90%
Saiyan Bardock
89%
Babidi's Forces Super Buu
89%
Saiyan Broly
88%
Android Cell
88%
Frieza Force Cooler
86%
Ginyu Force Jeice
86%
Babidi's Forces Majin Buu (Pure Evil)
86%
Frieza Force Meta-Cooler
86%
Saiyan Nappa
86%
Ginyu Force Guldo
85%
Saiyan Raditz
85%
Ginyu Force Burter
84%
Ginyu Force Recoome
84%
Z Fighter Master Roshi
83%
Namekian Nail
83%
Frieza Force King Cold
82%
Babidi's Forces Dabura
80%
Babidi's Forces Babidi
79%
Human Hercule
78%
Shadow Dragon Syn Shenron
77%
Frieza Force Zarbon
77%
Frieza Force Dodoria
76%
Z Fighter Chiaotzu
75%
Saiyan Turles
75%
Human Videl
75%
Human Chi-Chi
72%
Movie Villain Janemba
71%
Frieza Force Cui
67%
Namekian Slug
67%
Android Android #8
66%
Android Cell Jr.
66%
Z Fighter Pan
66%
Movie Villain Garlic Jr.
63%
Frieza Force Appule
62%
Deity Supreme Kai
60%
Z Fighter Yajirobe
59%
Fusion Kibito Kai
58%
Human Mercenary Tao
58%
Z Fighter Uub
58%
GT Villain Baby Vegeta
57%
Frieza Force Bojack
56%
Babidi's Forces Spopovich
56%
Android Dr. Wheelo
55%
Saiyan Fasha
55%
Robot Arale
52%
Shadow Dragon Nuova Shenron
52%
Other Tapion
52%
Robot Pilaf Machine
50%
Movie Villain Hirudegarn
49%
Human General Blue
47%
Alien Saibaman
43%
Frieza Force Frieza Soldier
42%
Human Nam
41%
Other Pikkon
39%
Frieza Force Salza
37%
Frieza Force Zangya
37%
Other Devilman
35%
Other Tambourine
32%
No matching quizzes found
Score Distribution
Percent of People with Each Score
Percentile by Number Answered
Your Score History
You have not taken this quiz